Química general e inorgánica; segunda parte /

Guardado en:
Autor Principal: Fernández Serventi, Hector
Formato: Libro
Publicado: Buenos Aires : Losada, 1980
Edición:12a. ed.
Materias:
Etiquetas: Agregar Etiqueta
Sin Etiquetas, Sea el primero en etiquetar este registro!
LEADER 00677nam a22002295a 4500
001 CEM.cems002419
005 20060220000000.0
008 130507s1980##################000#0#####d
003 CEMS
082 0 4 |a 540 
100 1 |a Fernández Serventi, Hector 
245 1 0 |a Química general e inorgánica; segunda parte / 
250 |a 12a. ed. 
260 |a Buenos Aires :  |b Losada,  |c 1980 
300 |a 224 p. 
505 0 |a La energia en las reacciones quimicas. Soluciones. Reacciones redox 
653 |a Higroscopia 
653 |a Ozono 
653 |a Quimica 
653 |a Quimica general 
653 |a Quimica inorganica 
859 |a CEMS  |b BIB. CEMS - 11 de abril  |h 540  |i F391a12/II  |p 9323.81  |t Ej.1